Générique Jimmy Neutron - Paroles - Statistiques

Statistiques générales
  • Ce quiz a été pris 100 fois
  • Le résultat moyen est 8 sur 11
Statistiques - réponses
Paroles % Correct
Trois, deux, {un}
100%
Je mets les {gaz} !
89%
Voici la chanson de {Jimmy} {Neutron}
83%
Terre à {Pluton},
78%
Doué pour les {inventions}
70%
La planète de la {destruction} !
70%
Nourri aux {bonbons}
70%
Un {chien} robot magistral,
66%
Il sauve chaque {jour}
65%
Avec un {esprit} génial,
63%
Un gamin s'{envole},
50%
Aucun quiz correspondant
Distribution des résultats
% des personnes avec chaque résultat
Percentile par nombre de réponses
Votre historique - résultats
Vous n’avez pas pris ce quiz